Liceo de Coronado : comunidad educacional para el distrito de San Isidro de Vázquez de Coronado

Guardat en:
Dades bibliogràfiques
Autor principal: Alpízar Vargas, Paula
Altres autors: Castro Arias, Jorge Director del TFG
Format: Desconegut
Idioma:Spanish
Publicat: [San José,Costa Rica], 2015
Matèries:
Etiquetes: Afegir etiqueta
Sense etiquetes, Sigues el primer a etiquetar aquest registre!

MARC

LEADER 00000 a2200000 4500
003 EA0124
005 20230223111606.0
008 140114s2015 cr a 000 ||spa d
040 |c cru CEDI 
090 |a TFG EA-124 
100 |a Alpízar Vargas, Paula  |9 20212 
245 |a Liceo de Coronado : comunidad educacional para el distrito de San Isidro de Vázquez de Coronado  
260 |a  [San José,Costa Rica],  |c 2015 
500 |a Proyecto de graduación (licenciatura en arquitectura)--Universidad de Costa Rica. Facultad de Ingeniería. Escuela de Arquitectura 
501 |a Director de Proyecto de Grduación: Arq. Jorge Castro Arias  
650 |x LICEO DE CORONADO (SAN JOSÉ, COSTA RICA)  |x DISEÑO ARQUITECTONICO - SAN ISIDRO (VAZQUEZ DE CORONADO, SAN JOSE, COSTA RICA)  |x DISEÑO URBANO - SAN ISIDRO (VAZQUEZ DE CORONADO, SAN JOSE, COSTA RICA)  |x CONSTRUCCIONES PARA ESCUELAS SECUNDARIAS - SAN ISIDRO (VAZQUEZ DE CORONADO, SAN JOSE, COSTA   |x  AMBIENTE EDUCATIVO - SAN ISIDRO (VAZQUEZ DE CORONADO, SAN JOSE, COSTA RICA)  |9 20213 
700 |9 94  |a Castro Arias, Jorge  |d Director del TFG 
942 |c CEDI 
999 |c 12868  |d 12868